200 Most Popular Baby Girl Names Starting with R (2019) - Statistics

General Stats
  • This quiz has been taken 7,948 times
  • The average score is 96 of 200
Answer Stats
Name % Correct
Rose
91%
Rachael
90%
Rachel
90%
Rachelle
90%
Rae
89%
Rey
89%
Ren
87%
Rosa
87%
Reilly
84%
Rhiley
84%
Rhylee
84%
Rhyleigh
84%
Rilee
84%
Rileigh
84%
Riley
84%
Rylee
84%
Rylei
84%
Ryleigh
84%
Ryley
84%
Rylie
84%
Ria
80%
Riya
80%
Riyah
80%
Rya
80%
Ryah
80%
Rebeca
79%
Rebecca
79%
Rebekah
79%
Rosie
79%
Rosy
79%
Raeya
77%
Raiya
77%
Raya
77%
Rayah
77%
Rayan
77%
Reya
77%
Rhea
77%
Rheya
77%
Rhyan
77%
Rian
77%
Riyan
77%
Ryan
77%
Ryann
77%
Ryanne
77%
Rosalee
75%
Rosaleigh
75%
Rosalie
75%
Rena
74%
Rina
74%
Rubi
74%
Ruby
74%
Rain
70%
Raine
70%
Rayne
70%
Reign
70%
Ruth
69%
Rihanna
68%
Raina
64%
Rana
64%
Rayna
64%
Reigna
64%
Reina
64%
Reyna
64%
Rita
64%
Rosalyn
63%
Rosalynn
63%
Roselyn
63%
Roselynn
63%
Rowan
61%
Rowen
61%
Rowyn
61%
Rowynn
61%
Roma
60%
Remi
59%
Remie
59%
Remmi
59%
Remy
59%
Robin
58%
Robyn
58%
Raevyn
56%
Raven
56%
Ravyn
56%
Rayven
56%
Roberta
56%
River
55%
Roxanne
55%
Ryver
55%
Reece
54%
Reese
54%
Rori
54%
Rorie
54%
Rory
54%
Renae
53%
Renee
53%
Raegan
52%
Reagan
52%
Regan
52%
Roxie
52%
Roxy
52%
Raquel
51%
Ronnie
51%
Regina
50%
Rochel
49%
Rosemarie
49%
Rosemary
49%
Raelyn
48%
Raelynn
48%
Raelynne
48%
Railyn
48%
Railynn
48%
Raylen
48%
Raylin
48%
Raylyn
48%
Raylynn
48%
Romi
47%
Romy
47%
Ramona
46%
Rainey
42%
Rosanna
42%
Randi
41%
Rosalind
39%
Ruthie
38%
Raelee
37%
Raeleigh
37%
Raylee
37%
Rayleigh
37%
Rikki
37%
Roxana
37%
Roya
37%
Rhiannon
35%
Rilyn
35%
Rilynn
35%
Ryla
35%
Rylan
35%
Rylen
35%
Rylin
35%
Rylynn
35%
Reeva
33%
Reva
33%
Royal
32%
Royale
32%
Ryder
32%
Renata
30%
Rio
28%
Rosalia
28%
Rayla
27%
Remington
27%
Rhoda
26%
Raleigh
25%
Rue
25%
Rosalina
24%
Rafaela
23%
Roslyn
23%
Royalti
23%
Royalty
23%
Rozlyn
23%
Rozlynn
23%
Rahma
21%
Rania
21%
Raniya
21%
Raniyah
21%
Rebel
21%
Rosetta
21%
Rosalinda
20%
Reema
19%
Rhema
19%
Rosaleen
19%
Rosaline
19%
Rumi
18%
Ravenna
17%
Rosella
17%
Romina
16%
Runa
16%
Ripley
14%
Ryker
13%
Ramsey
12%
Rivka
12%
Rosario
12%
Renley
11%
Ridley
11%
Ramiyah
10%
Renesmee
10%
Riverlyn
10%
Riverlynn
10%
Royce
10%
Ryland
9%
Reem
8%
Rooney
7%
Rynlee
7%
Remedy
5%
Rocio
5%
Rosabella
5%
Rhythm
4%
Rivky
4%
Rogue
4%
Raizy
3%
Raizel
2%
Rahaf
1%
Razan
1%
Ruhi
1%
No matching quizzes found
Score Distribution
Percent of People with Each Score
Percentile by Number Answered
Your Score History
You have not taken this quiz